Paul Dano Filmography - Statistics

General Stats
  • This quiz has been taken 105 times
    37 since last reset
  • The average score is 25 of 60
Answer Stats
Type Year Name % Correct
Film 2006 Little Miss Sunshine
95%
Film 2022 The Batman
85%
Film 2007 There Will Be Blood
85%
Film 2012 Ruby Sparks
75%
Film 2006 Fast Food Nation
70%
Film 2016 Swiss Army Man
70%
Film 2014 Love & Mercy
65%
Film 2022 The Fabelmans
65%
Film 2004 The Girl Next Door
65%
Director 2018 Wildlife
65%
Film 2017 Okja
60%
Film 2013 Prisoners
60%
Film 2024 Spaceman
60%
Film 2010 Knight and Day
55%
Film 2012 Looper
55%
Film 2013 12 Years a Slave
50%
Film 2008 Gigantic
50%
Film 2001 L.I.E.
50%
Film 2011 Cowboys & Aliens
45%
Film 2023 Dumb Money
45%
Film 2012 For Ellen
45%
Film 2010 Meek's Cutoff
45%
Film 2010 The Extra Man
45%
TV Show 2002, 2004 The Sopranos
45%
TV Mini-Series 2016 War & Peace
45%
Film 2009 Where the Wild Things Are
45%
Film 2008 Explicit Ills
40%
TV Show 2022 Saturday Night Live
40%
Film 2005 The Ballad of Jack and Rose
40%
Film 2021 The Guilty
40%
Web Series 2025 The Studio
40%
Film 2015 Youth
40%
Film 2012 Being Flynn
35%
Film 2007 Light and the Sufferer
35%
Web Series 2024 Mr. & Mrs. Smith
35%
Film 2004 Taking Lives
35%
Film 2009 Taking Woodstock
35%
Film 2009 The Good Heart
35%
Film 2005 The King
35%
Theater 2010-2011 A Free Man of Color
30%
TV Mini-Series 2018 Escape at Dannemora
30%
Film 2002 The Emperor's Club
30%
Film 2000 The Newcomers
30%
Film 2025 The Wizard of the Kremlin
30%
TV Film 2002 Too Young to Be a Dad
30%
Film 2007 Weapons
30%
Theater 1995-1996 A Christmas Carol
25%
Web Series 2024 Fantasmas
25%
Short Film 2012 Flatscreen
25%
Web Series 2022-2023 Pantheon
25%
Theater 2007 Things We Want
25%
Theater 2018-2019 True West
25%
Short Film 2024 Going Further, Sahaya Vietnam
20%
Theater 1996 Inherit the Wind
20%
Theater 1996-1997 Ragtime
20%
TV Film 1996 Sensei Rainbow and the Dojo Kids
20%
TV Show 1998 Smart Guy
20%
Theater 1995 A Month in the Country
15%
Theater 1996 A Thousand Clowns
15%
TV Documentary 2023 The Fabelmans: A Family in Film
15%
No matching quizzes found
Score Distribution
Percent of People with Each Score
Percentile by Number Answered
Your Score History
You have not taken this quiz since the last reset